| 000 | 00386nam a2200169Ia 4500 | ||
|---|---|---|---|
| 005 | 20250423094309.0 | ||
| 008 | 250422s9999 xx 000 0 und d | ||
| 020 | _a0- 449- 14862- 9 | ||
| 050 | _aPS 3553 .O3 T564/ | ||
| 100 | _aCoffman, Elaine | ||
| 245 | 2 | _aA time for roses | |
| 260 | _aNew York | ||
| 260 | _bFawcett Books | ||
| 260 | _c1995 | ||
| 300 | _a472 p | ||
| 942 | _cBK | ||
| 999 |
_c26835 _d26835 |
||